Central Library OPAC University of Rajshahi

The learner-centred curriculum : (Record no. 50353)

MARC details
000 -LEADER
fixed length control field 00883nam a2200265 a 4500
001 - CONTROL NUMBER
control field 50353
003 - CONTROL NUMBER IDENTIFIER
rucl marc code BD-RjUL
005 - DATE AND TIME OF LATEST TRANSACTION
control field 20211209075509.0
008 - FIXED-LENGTH DATA ELEMENTS--GENERAL INFORMATION
fixed length control field 160824s1988 enka b 001 0 eng
020 ## - INTERNATIONAL STANDARD BOOK NUMBER
International Standard Book Number 0521353092
035 ## - SYSTEM CONTROL NUMBER
System control number (BD-RjUL)50473
040 ## - CATALOGING SOURCE
Original cataloging agency DLC
Transcribing agency DLC
Modifying agency DLC
Language of cataloging eng
041 ## - LANGUAGE CODE
Language code of text/sound track or separate title eng
082 00 - DEWEY DECIMAL CLASSIFICATION NUMBER
Classification number 428.007
Edition number 23
Author mark and year NUL 1999
100 10 - MAIN ENTRY--PERSONAL NAME
Personal name Nunan, David
9 (RLIN) 133451
245 14 - TITLE STATEMENT
Title The learner-centred curriculum :
Remainder of title a study in second language teaching /
Statement of responsibility, etc. David Nunan.
260 ## - PUBLICATION, DISTRIBUTION, ETC. (IMPRINT)
Place of publication, distribution, etc. New York :
Name of publisher, distributor, etc. Cambridge University Press,
Date of publication, distribution, etc. 1988 [printing 1999]
300 ## - PHYSICAL DESCRIPTION
Pagination xii, 196 p. :
Illustrations ill. ;
Size 24 cm.
500 ## - GENERAL NOTE
General note Includes index.
650 #0 - SUBJECT ADDED ENTRY--TOPICAL TERM
Topical term or geographic name as entry element English language
General subdivision Study and teaching
-- Foreign speakers.
9 (RLIN) 118368
856 42 - ELECTRONIC LOCATION AND ACCESS
Materials specified The Cambridge applied linguistics series
942 ## - ADDED ENTRY ELEMENTS (KOHA)
Source of classification or shelving scheme Dewey Decimal Classification
Koha item type Books
Holdings
Lost status Source of classification or shelving scheme Damaged status Not for loan Collection code Permanent Location Current Location Shelving location Date acquired Source of acquisition Cost, normal purchase price Total Checkouts Full call number Date last seen Copy number Koha item type
  Dewey Decimal Classification     Non-fiction Central Library, University of Rajshahi Central Library, University of Rajshahi   31/07/2000 Dhaka paragon enterprises ltd. 812.00   428.007 NUL 1999 24/08/2016 C-2 Books